| 000 | 00559nam a2200169 i 4500 | ||
|---|---|---|---|
| 001 | 94455 | ||
| 003 | ES-MaACL | ||
| 005 | 20240511063027.0 | ||
| 007 | t| | ||
| 008 | 050504s1909 sp ||||1| spa d | ||
| 100 | 1 |
_aLorenzo d'Ayot, Manuel, _d-1911 _9125762 |
|
| 245 | 1 | 3 |
_aLa iberiada _b: poema en prosa, Canto IX, Primera parte: La Alhambra / _coriginal de Manuel Lorenzo D`Ayot. |
| 260 |
_aMadrid : _b[s.n.], _c1909 ( _fEl Trabajo) |
||
| 300 |
_a32 p. ; _c20 cm. |
||
| 852 |
_aES-MaACL _jL-4902(9-4) |
||
| 999 |
_c94455 _d94455 |
||